|
|
|
|
| LEADER |
02675nam a2200601 4500 |
| 001 |
ocn903584486 |
| 003 |
OCoLC |
| 005 |
20170124071727.6 |
| 006 |
m o d |
| 007 |
cr cnu|||unuuu |
| 008 |
150218s2015 nju o 000 0 eng d |
| 040 |
|
|
|a N$T
|b eng
|e rda
|e pn
|c N$T
|d N$T
|d DG1
|d EBLCP
|d BTCTA
|d OCLCF
|d IDEBK
|d DEBSZ
|d OCLCO
|d YDXCP
|d COO
|d OCL
|d OCLCO
|d DEBBG
|d GrThAP
|
| 020 |
|
|
|a 9781119093268
|q electronic bk.
|
| 020 |
|
|
|a 1119093260
|q electronic bk.
|
| 020 |
|
|
|a 9781119093220
|q electronic bk.
|
| 020 |
|
|
|a 1119093228
|q electronic bk.
|
| 020 |
|
|
|z 9781119082408
|
| 020 |
|
|
|a 1119082404
|
| 020 |
|
|
|a 9781119082408
|
| 029 |
1 |
|
|a CHVBK
|b 334087503
|
| 029 |
1 |
|
|a CHBIS
|b 010442406
|
| 029 |
1 |
|
|a DEBSZ
|b 43212442X
|
| 029 |
1 |
|
|a AU@
|b 000054852773
|
| 029 |
1 |
|
|a NZ1
|b 16078531
|
| 029 |
1 |
|
|a DEBBG
|b BV043397528
|
| 035 |
|
|
|a (OCoLC)903584486
|
| 050 |
|
4 |
|a TJ163.2
|
| 072 |
|
7 |
|a TEC
|x 009070
|2 bisacsh
|
| 082 |
0 |
4 |
|a 621.042
|2 22
|
| 049 |
|
|
|a MAIN
|
| 245 |
0 |
0 |
|a Energy technology 2015 :
|b carbon dioxide management and other technologies /
|c edited by Animesh Jha and eleven others.
|
| 264 |
|
1 |
|a Hoboken, NJ :
|b Wiley-TMS,
|c 2013.
|
| 300 |
|
|
|a 1 online resource.
|
| 336 |
|
|
|a text
|b txt
|2 rdacontent
|
| 337 |
|
|
|a computer
|b c
|2 rdamedia
|
| 338 |
|
|
|a online resource
|b cr
|2 rdacarrier
|
| 588 |
0 |
|
|a Vendor-supplied metadata.
|
| 504 |
|
|
|a Includes bibliographical references at the end of each chapters and indexes.
|
| 650 |
|
0 |
|a Energy development
|x Technological innovations
|v Congresses.
|
| 650 |
|
0 |
|a Power resources
|v Congresses.
|
| 650 |
|
7 |
|a TECHNOLOGY & ENGINEERING / Mechanical
|2 bisacsh
|
| 650 |
|
7 |
|a Energy development
|x Technological innovations.
|2 fast
|0 (OCoLC)fst00910070
|
| 650 |
|
7 |
|a Power resources.
|2 fast
|0 (OCoLC)fst01074275
|
| 655 |
|
4 |
|a Electronic books.
|
| 655 |
|
7 |
|a Conference papers and proceedings.
|2 fast
|0 (OCoLC)fst01423772
|
| 655 |
|
0 |
|a Electronic books.
|
| 700 |
1 |
|
|a Jha, Animesh.
|
| 710 |
2 |
|
|a Minerals, Metals and Materials Society.
|b Energy Committee,
|e sponsoring body.
|
| 710 |
2 |
|
|a Minerals, Metals and Materials Society.
|b Light Metals Division,
|e sponsoring body.
|
| 711 |
2 |
|
|a High-temperature Material Systems for Energy Conversion and Storage (Symposium)
|d (2015 :
|c Orlando, Fla.)
|
| 776 |
0 |
8 |
|i Print version:
|a Energy Technology and CO2 Management (Symposium) (2015 : Orlando, Florida)
|t Energy technology 2015 : carbon dioxide management and other technologies : proceedings of the Energy Technologies and Carbon Dioxide Management Symposium.
|d Hoboken, New Jersey : Wiley, c2015
|h xxi, 377 pages
|z 9781119082408
|
| 856 |
4 |
0 |
|u https://doi.org/10.1002/9781119093220
|z Full Text via HEAL-Link
|
| 994 |
|
|
|a 92
|b DG1
|